CISSP Certified Information Systems Security Professional study guide (Record no. 5649)

MARC details
000 -LEADER
fixed length control field 00631nam a2200181Ia 4500
003 - CONTROL NUMBER IDENTIFIER
control field SGT
020 ## - INTERNATIONAL STANDARD BOOK NUMBER
International Standard Book Number 9788126506385
082 ## - DEWEY DECIMAL CLASSIFICATION NUMBER
Classification number 5.8
Item number STE
100 ## - MAIN ENTRY--PERSONAL NAME
Personal name Tewart, James Michael
245 ## - TITLE STATEMENT
Title CISSP Certified Information Systems Security Professional study guide
250 ## - EDITION STATEMENT
Edition statement 3rd . Ed.
260 ## - PUBLICATION, DISTRIBUTION, ETC. (IMPRINT)
Name of publisher, distributor, etc John Wiley & Sons
Place of publication, distribution, etc New York
Year of Publication 2005
300 ## - PAGE DESCRIPTION
No. of Pages 759p.
650 ## - SUBJECT ADDED ENTRY--TOPICAL TERM
Topical term or geographic name as entry element COMPUTER SCIENCE
653 ## - KEYWORDS--INDEX TERM
Keyword term ACCOUNTABILITY AND ACCESS CONTROL, ATTACKS AND MONITORING, ISO MODEL,NETWORK SECURITY,AND PROJECT, SECURITY MANAGEMENT CONCEPT AND PRINCIPLES, DATA AND APPLICATION SECURITY ISSUES
700 ## - ADDED ENTRY--PERSONAL NAME
Personal name Chapple, Mike
942 ## - ADDED ENTRY ELEMENTS (KOHA)
Source of classification or shelving scheme Dewey Decimal Classification
Koha item type Books
Holdings
Withdrawn status Lost status Source of classification or shelving scheme Damaged status Use restrictions Not for loan Collection code Home library Current library Shelving location Date acquired SGTU Full call number Accession No. (Barcode) Date last seen Bill Date Koha item type
    Dewey Decimal Classification   Restricted Access Not For Loan ENGINEERING SGT Engineering Library SGT Engineering Library Reference Book 17/09/2013 SGTU 5.8 STE FE6206 09/02/2015 09/02/2015 Books